| 000 | 00676nam a2200205Ia 4500 | ||
|---|---|---|---|
| 008 | 130821s1900 sp a gr spa | ||
| 020 | _a84 604 3705 1 | ||
| 040 |
_aCo-BoUCM _bspa |
||
| 041 | 0 | 0 | _aspa |
| 100 | 1 |
_aOlivós Arroyo, Ricardo _9169738 |
|
| 245 | 1 | 0 |
_aTeoría del fútbol _cRicardo Olivós Arroyo |
| 260 |
_aSevilla (Andalucía, España) _bSAND _c[1900?] |
||
| 300 |
_a364 páginas _bilustraciones |
||
| 650 |
_aDeportes _9388 |
||
| 650 |
_aEntrenamiento de fútbol _914627 |
||
| 650 |
_aFútbol _vEjercicios _97649 |
||
| 650 |
_aFútbol _xEstrategia y técnicas _97649 |
||
| 942 |
_cLIBRO _a11 _e1 _mO495t _2DEWEY _h796.334 |
||
| 999 |
_c77507 _d77507 |
||